000
00336nam a2200145Ia 4500
008
150201s2010 xx 000 0 und d
082
_a
615.8
_b
R10S
100
_a
SUNDRER, S.
245
_a
TB. OF REHABILITATION
250
_a
3RD
260
_b
JAYPEE
_a
DELHI
_c
2010
300
_a
1-540
650
_a
PHYSIOTHERAPY
942
_2
ddc
_c
BK
_0
81
999
_c
1405
_d
1405